| 000 | 00775nmm a2200277 a 4500 | ||
|---|---|---|---|
| 003 | AR-BaBNM | ||
| 005 | 20251128203441.0 | ||
| 008 | 207019s1948 ||||||||||||||000 | spa|| | ||
| 040 | _cAR-BaBNM | ||
| 100 | 1 | _aMignone, Mario Luis | |
| 245 | 1 | 0 | _a33 años de vida malvinera |
| 246 | 1 | _aTreinta y tres años de vida malvinera | |
| 260 |
_aBuenos Aires _bClub de Lectores _c1948 |
||
| 300 | 0 |
_a272 p. _bil., láms. |
|
| 650 | 4 | _aHISTORIA ECONOMICA | |
| 650 | 4 | _aHISTORIA SOCIAL | |
| 650 | 4 | _aHISTORIA DE LAS COSTUMBRES | |
| 650 | 4 | _aGEOGRAFIA FISICA | |
| 650 | 4 | _aSOBERANIA | |
| 650 | 4 | _aDERECHOS DE LOS ESTADOS | |
| 650 | 4 | _aDERECHOS Y PRIVILEGIOS | |
| 651 | 4 | _aIslas Malvinas | |
| 700 | 1 |
_aMoreno, Juan Carlos _eprologuista |
|
| 942 | _cBK | ||
| 998 | _cmariana | ||
| 999 |
_c3445 _d3445 |
||